Toborzás, kiválasztás folyamata biztosító alkalmazotti és pénzügyi tanácsadói területen

Bibliographic Details
Main Author: Gálicz Vivien
Other Authors: Andrási Mónika
Format: Project work
Kulcsszavak:Toborzás
Interjú
Biztosító
Online Access:http://dolgozattar.uni-bge.hu/11619

MARC

LEADER 00000nnm a2200000 i 4500
001 dolg11619
005 20170517100818.0
008 170517suuuu hu o 000 hun d
040 |a BGE Dolgozattár Repozitórium  |b hun 
041 |a hu 
100 1 |a Gálicz Vivien 
245 1 0 |a Toborzás, kiválasztás folyamata biztosító alkalmazotti és pénzügyi tanácsadói területen  |c Gálicz Vivien  |h [elektronikus dokumentum] 
246 1 1 |a Toborzás, kiválasztás folyamata biztosító alkalmazotti és pénzügyi tanácsadói területen 
516 |a Project_work 
695 |a Toborzás 
695 |a Interjú 
695 |a Biztosító 
700 1 |a Andrási Mónika  |e ths 
856 4 0 |u http://dolgozattar.uni-bge.hu/11619/1/Z%C3%A1r%C3%B3dolgozat-_G%C3%A1licz-Vivien-L2ZSI5.pdf  |z Dokumentum-elérés